000 00750nam a2200205 i 4500
001 50407
003 ES-MaACL
005 20240512063034.0
007 t|
008 030804s1918 sp f |||| | spa d
100 1 _aQuadra Salcedo, Fernando de la,
_d1889-1936
_941881
245 1 4 _aLas bellezas bilbaínas en el siglo XIX
_b: conferencia pronunciada en el Club Marítimo del Abra, de Bilbao, en noviembre de 1917 /
_cpor Fernando de la Quadra Salcedo.
260 _aBilbao :
_bCasa Dochao,
_c1918.
300 _a29 p., 18 lám. ;
_c22 cm.
650 4 _aMujeres-
_zBilbao.
_9170803
650 4 _aMujeres-
_xRetratos.
_915310
710 2 _aReal Club Marítimo del Abra.
_9170804
852 _aES-MaACL
_j1570-F-17
999 _c50407
_d50407